| 000 | 00615nam a2200217Ia 4500 | ||
|---|---|---|---|
| 005 | 20241129110232.0 | ||
| 008 | 241129s9999||||xx |||||||||||||| ||und|| | ||
| 020 | _a978-93-82775-19-5 | ||
| 037 | _aREF | ||
| 040 |
_aARTS _beng _cARTS |
||
| 041 |
_aeng _2urd |
||
| 084 |
_aO168,1L35:g Q6.1-.2 (RR) _qARTS |
||
| 100 |
_aUsmani Shamsul Haq Co. _9727530 |
||
| 245 | 0 |
_aNazir Fehmi _cUsmani Shamsul Haq Co. |
|
| 260 |
_aDelhi, India _bkitab ghar _c2015 |
||
| 365 |
_aINR _b675 |
||
| 490 | _v V2 | ||
| 650 | _aUrdu Poetry | ||
| 942 |
_cREF _hO168,1L35:g Q6.1-.2 (RR) |
||
| 999 |
_c1227830 _d1227830 |
||